Distribution of the productive forces: (Record no. 5682)

MARC details
000 -LEADER
fixed length control field 01202cam a2200325 a 4500
001 - CONTROL NUMBER
control field 572958
005 - DATE AND TIME OF LATEST TRANSACTION
control field 20170822174904.0
008 - FIXED-LENGTH DATA ELEMENTS--GENERAL INFORMATION
fixed length control field 890911s1988 ru b 000 0 eng
010 ## - LIBRARY OF CONGRESS CONTROL NUMBER
LC control number 89184478
020 ## - INTERNATIONAL STANDARD BOOK NUMBER
International Standard Book Number 5010005204
040 ## - CATALOGING SOURCE
Original cataloging agency DLC
Transcribing agency BSU
Modifying agency DLC
041 1# - LANGUAGE CODE
Language code of text/sound track or separate title eng
Language code of original and/or intermediate translations of text rus
043 ## - GEOGRAPHIC AREA CODE
Geographic area code e-ur---
050 00 - LIBRARY OF CONGRESS CALL NUMBER
Classification number HC340.D5
Item number D57 1988
082 00 - DEWEY DECIMAL CLASSIFICATION NUMBER
Classification number 338.947 DIS
Edition number 20
245 00 - TITLE STATEMENT
Title Distribution of the productive forces:
Remainder of title General schemes theory and practice /
Statement of responsibility, etc general editor V.P. Mozhin.
260 ## - PUBLICATION, DISTRIBUTION, ETC. (IMPRINT)
Place of publication, distribution, etc Moscow :
Name of publisher, distributor, etc Progress Publishers,
Date of publication, distribution, etc c1988.
300 ## - PHYSICAL DESCRIPTION
Extent 324 p. ;
Dimensions 21 cm.
500 ## - GENERAL NOTE
General note Translated from the Russian.
500 ## - GENERAL NOTE
General note Title on verso t.p.: Generalʹnye skhemy razmeshchenii͡a︡ proizvoditelʹnykh sil.
504 ## - BIBLIOGRAPHY, ETC. NOTE
Bibliography, etc Includes bibliographical references.
650 #0 - SUBJECT ADDED ENTRY--TOPICAL TERM
Topical term or geographic name as entry element Industrial location
Geographic subdivision Soviet Union.
9 (RLIN) 12092
651 #0 - SUBJECT ADDED ENTRY--GEOGRAPHIC NAME
Geographic name Soviet Union
General subdivision Economic policy
Chronological subdivision 1986-1991.
9 (RLIN) 12093
658 ## - INDEX TERM--CURRICULUM OBJECTIVE
Main curriculum objective Economics.
700 1# - ADDED ENTRY--PERSONAL NAME
Personal name Mozhin, V. P.
9 (RLIN) 12094
740 0# - ADDED ENTRY--UNCONTROLLED RELATED/ANALYTICAL TITLE
Uncontrolled related/analytical title Generalʹnye skhemy razmeshchenii͡a︡ proizvoditelʹnykh sil.
906 ## - LOCAL DATA ELEMENT F, LDF (RLIN)
a 7
b cbc
c orignew
d 2
e ncip
f 19
g y-gencatlg
942 ## - ADDED ENTRY ELEMENTS (KOHA)
Source of classification or shelving scheme Dewey Decimal Classification
Item type Books
Holdings
Withdrawn status Lost status Source of classification or shelving scheme Damaged status Not for loan Collection code Home library Current library Shelving location Date acquired Source of acquisition Total Checkouts Full call number Barcode Date last seen Copy number Price effective from Koha item type
    Dewey Decimal Classification       Main Library Main Library   16/07/2010 Donation   338.947 DIS 21430 16/07/2013 1 16/07/2013 Books

© 2017 Bishop Stuart University Library. All Rights Reserved.
Kakoba Campus, Plot 150 Buremba Road | P.O. Box 9, Mbarara, UGANDA | Tel: +256-772-463068
Email: library@bsu.ac.ug